000 00291nam a2200109Ia 4500
008 220204s9999 xx 000 0 und d
082 _a929(100)
_bINT
245 0 _aInternational who's who 1975-76, 1977-78, 1982-83, 1984-85
250 _aEd.48
260 _aLondon
_bEuropa
_c1984
942 _cBK
999 _c27802
_d27802